000 00478 a2200169 4500
003 OSt
005 20231108143240.0
008 231108b |||||||| |||| 00| 0 eng d
020 _a9788194521815
040 _coclc
082 _a297
_bMAN/F
100 _aMangad, Abdurahiman
_98678
245 _a1921 Fatwakal ahwanangal /
_cAbdul Rahman Mangad
260 _aKerala:
_bGrace Books,
_c2021.
300 _a205p
942 _2ddc
_cBK
_h297
_iMAN/F
_k297
_mMAN/F
999 _c42972
_d42972